Vista normal
Vista MARC
Entrada Personal Name
Número de registros utilizados en: 1
001 - CONTROL NUMBER
- control field: 17381
003 - CONTROL NUMBER IDENTIFIER
- control field: DLC
005 - DATE AND TIME OF LATEST TRANSACTION
- control field: 20250821154725.0
008 - FIXED-LENGTH DATA ELEMENTS
- fixed length control field: 911005n| acannaab| |a aaa |||
010 ## - LIBRARY OF CONGRESS CONTROL NUMBER
- LC control number: n 91102039
040 ## - CATALOGING SOURCE
- Original cataloging agency: DLC
- Transcribing agency: Mx-PuUPA
- Language of cataloging: spa
- Modifying agency: Mx-PuUPA
- Description conventions: rda
100 10 - HEADING--PERSONAL NAME
- Personal name: Le Mouël, Jacques,
374 ## - OCCUPATION
- Occupation: Autor
375 ## - GENDER
- Gender: hombre
377 ## - ASSOCIATED LANGUAGE
- Language code: spa
400 10 - SEE FROM TRACING--PERSONAL NAME
- Personal name: Mouël, Jacques Le
670 ## - SOURCE DATA FOUND
- Source citation: His Critique de l'efficacité, c1991:
- Information found: t.p. (Jacques Le Mouël) p. 4 of cover (consultant)